ՀՀ Գիտությունների ազգային ակադեմիայի հիմնարար գիտական գրադարան  =   Fundamental Scientific Library of NAS RA

Знакомство с Тишковым : (Record no. 300245)

MARC details
000 -LEADER
fixed length control field 00611nam a2200193 a 4500
001 - CONTROL NUMBER
control field 000834462
003 - CONTROL NUMBER IDENTIFIER
control field AM-YeHGA
005 - DATE AND TIME OF LATEST TRANSACTION
control field 20250617144749.0
008 - FIXED-LENGTH DATA ELEMENTS--GENERAL INFORMATION
fixed length control field 110929s1956 ||||||||||||||||||||rus|c
040 ## - CATALOGING SOURCE
Original cataloging agency AM-YeHGA
041 0# - LANGUAGE CODE
Language code of text/sound track or separate title rus
090 ## - LOCALLY ASSIGNED LC-TYPE CALL NUMBER (OCLC); LOCAL CALL NUMBER (RLIN)
-- 301942
100 1# - MAIN ENTRY--PERSONAL NAME
Personal name Нилин, Павел Филиппович
245 10 - TITLE STATEMENT
Title Знакомство с Тишковым :
Remainder of title Рассказ /
Statement of responsibility, etc. П. Ф. Нилин.
260 ## - PUBLICATION, DISTRIBUTION, ETC.
Place of publication, distribution, etc. Москва :
Name of publisher, distributor, etc. Правда,
Date of publication, distribution, etc. 1956.
300 ## - PHYSICAL DESCRIPTION
Extent 51 с. ;
Dimensions 17 см.
440 #0 - SERIES STATEMENT/ADDED ENTRY--TITLE
Title Б-ка "Огонек"
Volume/sequential designation № 13
650 14 - SUBJECT ADDED ENTRY--TOPICAL TERM
Topical term or geographic name entry element Русская литература
General subdivision Рассказ
Holdings
Withdrawn status Lost status Damaged status Not for loan Collection Home library Current library Date acquired Total checkouts Full call number Barcode Date last seen Price effective from Koha item type Public note
        General Fundamental Scientific Library Fundamental Scientific Library 09/01/2017   РД I/1662 FL0344898 09/01/2017 09/01/2017 Գրքեր / Books 30 Days Loan
        General Fundamental Scientific Library Fundamental Scientific Library 09/01/2017   РД I/1663 FL0344899 09/01/2017 09/01/2017 Գրքեր / Books 30 Days Loan


ՀՀ ԳԱԱ հիմնարար գիտական գրադարան
ՀՀ,Երևան 0019
Մարշալ Բաղրամյան 24/6
հեռախոս:(374-10) 52-47-50
Հետադարձ կապ

All site content, except where otherwise noted, is licensed under a
Creative Commons License